000 00728nam a22002057a 4500
003 OSt
005 20240703105406.0
008 240703b |||||||| |||| 00| 0 eng d
020 _a9781612044842
040 _cMUST
082 _a363 PRI 2012
245 _aPrinciples of corporate social responsibility (CSR):
_ba guide for students and practicing managers in developing and emerging countries /
_cEdited by David Katamba
260 _aTexas
_bStrategic Book Publishing and Rights Co.
_c2012
300 _axv, 111p.:
_c25cm.
504 _aIncludes bibliographical references and index
650 _aCorporate social resposibility
_918397
650 _aEconomics
_9975
700 _aKatamba, David
_918398
942 _2ddc
_cO_SHELF
999 _c9042
_d9042